<?xml version="1.0" encoding="UTF-8"?>
<collection xmlns="http://www.loc.gov/MARC21/slim">
<record>
  <controlfield tag="001">153704</controlfield>
  <controlfield tag="005">20251017144650.0</controlfield>
  <datafield tag="024" ind1="7" ind2=" ">
    <subfield code="2">doi</subfield>
    <subfield code="a">10.1002/cptc.202400356</subfield>
  </datafield>
  <datafield tag="024" ind1="8" ind2=" ">
    <subfield code="2">sideral</subfield>
    <subfield code="a">143759</subfield>
  </datafield>
  <datafield tag="037" ind1=" " ind2=" ">
    <subfield code="a">ART-2025-143759</subfield>
  </datafield>
  <datafield tag="041" ind1=" " ind2=" ">
    <subfield code="a">eng</subfield>
  </datafield>
  <datafield tag="100" ind1=" " ind2=" ">
    <subfield code="a">Majumder, Sumit</subfield>
  </datafield>
  <datafield tag="245" ind1=" " ind2=" ">
    <subfield code="a">Suppressed nonradiative recombination in 2D reduced‐ Graphene‐ Oxide (rGO)‐wrapped 3D MoS&lt;sub>2&lt;/sub> microflower</subfield>
  </datafield>
  <datafield tag="260" ind1=" " ind2=" ">
    <subfield code="c">2025</subfield>
  </datafield>
  <datafield tag="506" ind1="0" ind2=" ">
    <subfield code="a">Access copy available to the general public</subfield>
    <subfield code="f">Unrestricted</subfield>
  </datafield>
  <datafield tag="520" ind1="3" ind2=" ">
    <subfield code="a">We present a comprehensive study on the synthesis and characterization of 2D reduced graphene oxide (rGO) encapsulated 3D Molybdenum disulfide (MoS2) nanocomposites, a promising semiconductor material with applications spanning electronic and optoelectronic domains. Through a facile two‐step chemical synthesis, we successfully fabricated both pristine MoS2 (denoted as S1) and MoS2‐rGO composites (termed S2), yielding distinctive flower‐like microspheres comprised of folded nanosheets. Our temperature‐dependent PL investigations unveiled pronounced mid‐gap emission peaks within the UV (380–468 nm) and visible (490–550 nm) regions, indicative of excitonic behavior. Notably, the S2 composite exhibited enhanced PL intensity and extended carrier lifetimes across all studied temperatures, attributed to effective suppression of surface states via d‐electron hopping. Complementary high‐resolution transmission electron microscopy (HRTEM), Raman spectroscopy, and X‐ray photoelectron spectroscopy (XPS) analyses further corroborated the presence of surface defects and d‐electron hopping mechanisms, elucidating their pivotal roles in enhancing PL emission characteristics. This study offers valuable insights into the fundamental properties of MoS2‐rGO nanocomposites, paving the way for tailored device design and applications.</subfield>
  </datafield>
  <datafield tag="540" ind1=" " ind2=" ">
    <subfield code="9">info:eu-repo/semantics/openAccess</subfield>
    <subfield code="a">by</subfield>
    <subfield code="u">https://creativecommons.org/licenses/by/4.0/deed.es</subfield>
  </datafield>
  <datafield tag="655" ind1=" " ind2="4">
    <subfield code="a">info:eu-repo/semantics/article</subfield>
    <subfield code="v">info:eu-repo/semantics/publishedVersion</subfield>
  </datafield>
  <datafield tag="700" ind1=" " ind2=" ">
    <subfield code="a">Nandi, Pronoy</subfield>
  </datafield>
  <datafield tag="700" ind1=" " ind2=" ">
    <subfield code="a">Roy, Abhijit</subfield>
    <subfield code="u">Universidad de Zaragoza</subfield>
  </datafield>
  <datafield tag="700" ind1=" " ind2=" ">
    <subfield code="a">Topwal, Dinesh</subfield>
  </datafield>
  <datafield tag="710" ind1="2" ind2=" ">
    <subfield code="1">2003</subfield>
    <subfield code="2">395</subfield>
    <subfield code="a">Universidad de Zaragoza</subfield>
    <subfield code="b">Dpto. Física Materia Condensa.</subfield>
    <subfield code="c">Área Física Materia Condensada</subfield>
  </datafield>
  <datafield tag="773" ind1=" " ind2=" ">
    <subfield code="g">(2025), e202400356 [12 pp.]</subfield>
    <subfield code="p">ChemPhotoChem</subfield>
    <subfield code="t">ChemPhotoChem</subfield>
    <subfield code="x">2367-0932</subfield>
  </datafield>
  <datafield tag="856" ind1="4" ind2=" ">
    <subfield code="s">3046504</subfield>
    <subfield code="u">http://zaguan.unizar.es/record/153704/files/texto_completo.pdf</subfield>
    <subfield code="y">Versión publicada</subfield>
  </datafield>
  <datafield tag="856" ind1="4" ind2=" ">
    <subfield code="s">2820055</subfield>
    <subfield code="u">http://zaguan.unizar.es/record/153704/files/texto_completo.jpg?subformat=icon</subfield>
    <subfield code="x">icon</subfield>
    <subfield code="y">Versión publicada</subfield>
  </datafield>
  <datafield tag="909" ind1="C" ind2="O">
    <subfield code="o">oai:zaguan.unizar.es:153704</subfield>
    <subfield code="p">articulos</subfield>
    <subfield code="p">driver</subfield>
  </datafield>
  <datafield tag="951" ind1=" " ind2=" ">
    <subfield code="a">2025-10-17-14:36:05</subfield>
  </datafield>
  <datafield tag="980" ind1=" " ind2=" ">
    <subfield code="a">ARTICLE</subfield>
  </datafield>
</record>
</collection>